[Event "BRA-ch sf-A"]
[Site "Guarapari"]
[Date "2012.11.01"]
[Round "1"]
[White "Abreu, Guilherme Correa"]
[Black "Mekhitarian, Krikor Sevag"]
[Result "0-1"]
[WhiteElo "2085"]
[BlackElo "2524"]
[PlyCount "74"]
[EventDate "2012.11.01"]
[EventType "swiss"]
[EventRounds "7"]
[EventCountry "BRA"]
[SourceTitle "EXT 2013"]
[Source "ChessBase"]
[SourceDate "2012.11.22"]
[SourceVersion "1"]
[SourceVersionDate "2012.11.22"]
[SourceQuality "1"]

1. d4 Nf6 2. c4 e6 3. Nc3 Bb4 4. e3 O-O 5. Bd3 d5 6. Nge2 b6 7. O-O Bb7 8. cxd5
exd5 9. Ng3 Re8 10. Nf5 g6 11. Nh6+ Kg7 12. Ng4 Nbd7 13. f4 Nxg4 14. Qxg4 Nf6
15. Qh4 Be7 16. f5 Ne4 17. Qe1 Bh4 18. g3 Bf6 19. Nxe4 dxe4 20. Bc4 c5 21. dxc5
Rc8 22. fxg6 hxg6 23. Bd2 Rxc5 24. Bc3 Rf5 25. Rxf5 gxf5 26. Rd1 Qc7 27. Bxf6+
Kxf6 28. Qc3+ Re5 29. Qd4 Ke7 30. h4 Rc5 31. Qg7 Rxc4 32. Qg5+ Ke6 33. Qh6+ f6
34. Qg6 Bd5 35. h5 Rc1 36. Qg8+ Ke7 37. Qg7+ Bf7 0-1

[Event "BRA-ch sf-A"]
[Site "Guarapari"]
[Date "2012.11.01"]
[Round "2"]
[White "Mekhitarian, Krikor Sevag"]
[Black "Rocha, Jorge Wilson"]
[Result "1-0"]
[WhiteElo "2524"]
[BlackElo "2221"]
[PlyCount "53"]
[EventDate "2012.11.01"]
[EventType "swiss"]
[EventRounds "7"]
[EventCountry "BRA"]
[SourceTitle "EXT 2013"]
[Source "ChessBase"]
[SourceDate "2012.11.22"]
[SourceVersion "1"]
[SourceVersionDate "2012.11.22"]
[SourceQuality "1"]

1. e4 c5 2. Nf3 Nc6 3. d4 cxd4 4. Nxd4 e6 5. Nc3 Nf6 6. Ndb5 Bb4 7. a3 Bxc3+ 8.
Nxc3 d5 9. exd5 exd5 10. Bd3 d4 11. Ne2 Bg4 12. O-O O-O 13. Bg5 Qd6 14. Qd2
Rfe8 15. Rfe1 Bxe2 16. Bf4 Qc5 17. Rxe2 Rxe2 18. Qxe2 Re8 19. Qf3 Qd5 20. Qxd5
Nxd5 21. Bg3 g6 22. Kf1 Kg7 23. Bc4 Nb6 24. Bb5 Re6 25. Rd1 a6 26. Bxc6 Rxc6
27. Be5+ 1-0

[Event "BRA-ch sf-A"]
[Site "Guarapari"]
[Date "2012.11.02"]
[Round "3"]
[White "Aranha Filho, Alvaro Zimmermann"]
[Black "Mekhitarian, Krikor Sevag"]
[Result "0-1"]
[WhiteElo "2280"]
[BlackElo "2524"]
[PlyCount "88"]
[EventDate "2012.11.01"]
[EventType "swiss"]
[EventRounds "7"]
[EventCountry "BRA"]
[SourceTitle "EXT 2013"]
[Source "ChessBase"]
[SourceDate "2012.11.22"]
[SourceVersion "1"]
[SourceVersionDate "2012.11.22"]
[SourceQuality "1"]

1. d4 Nf6 2. c4 e6 3. Nc3 Bb4 4. e3 b6 5. Nge2 c5 6. a3 Ba5 7. Rb1 Na6 8. Bd2
O-O 9. d5 Re8 10. g3 Bxc3 11. Bxc3 Bb7 12. Bg2 Nc7 13. O-O exd5 14. Bxf6 Qxf6
15. Nf4 Re5 16. Nxd5 Nxd5 17. cxd5 d6 18. e4 Rae8 19. Qa4 a6 20. f4 R5e7 21.
Rbe1 b5 22. Qc2 Qd4+ 23. Rf2 Bxd5 24. Rd1 Bxe4 25. Bxe4 Qxe4 26. Qxe4 Rxe4 27.
Rxd6 R4e6 28. Rfd2 Kf8 29. Kf2 Rxd6 30. Rxd6 Re6 31. Rd7 Ke8 32. Rc7 c4 33. a4
Rd6 34. Ke2 Rd3 35. b4 Rb3 36. a5 Rxb4 37. Ra7 Rb2+ 38. Ke3 c3 39. Rxa6 b4 40.
Rc6 Kd7 41. Rc4 c2 42. a6 b3 43. Kd2 Rb1 44. a7 Rd1+ 0-1

[Event "BRA-ch sf-A"]
[Site "Guarapari"]
[Date "2012.11.02"]
[Round "4"]
[White "Mekhitarian, Krikor Sevag"]
[Black "Toth, Christian Endre"]
[Result "1/2-1/2"]
[WhiteElo "2524"]
[BlackElo "2360"]
[PlyCount "45"]
[EventDate "2012.11.01"]
[EventType "swiss"]
[EventRounds "7"]
[EventCountry "BRA"]
[SourceTitle "EXT 2013"]
[Source "ChessBase"]
[SourceDate "2012.11.22"]
[SourceVersion "1"]
[SourceVersionDate "2012.11.22"]
[SourceQuality "1"]

1. e4 c5 2. Nf3 d6 3. d4 cxd4 4. Nxd4 Nf6 5. Nc3 Nc6 6. Bg5 e6 7. Qd2 Be7 8.
O-O-O O-O 9. f4 h6 10. Bh4 e5 11. Nf5 Bxf5 12. exf5 Qa5 13. Kb1 Rad8 14. g3
exf4 15. gxf4 Qxf5 16. Bd3 Qh3 17. Bxf6 Bxf6 18. Nd5 Qh4 19. Rhg1 Ne7 20. Nxe7+
Bxe7 21. Qg2 Bf6 22. Qe4 g6 23. Qf3 1/2-1/2

[Event "BRA-ch sf-A"]
[Site "Guarapari"]
[Date "2012.11.03"]
[Round "5"]
[White "Matsuura, Everaldo"]
[Black "Mekhitarian, Krikor Sevag"]
[Result "1/2-1/2"]
[WhiteElo "2483"]
[BlackElo "2524"]
[PlyCount "30"]
[EventDate "2012.11.01"]
[EventType "swiss"]
[EventRounds "7"]
[EventCountry "BRA"]
[SourceTitle "EXT 2013"]
[Source "ChessBase"]
[SourceDate "2012.11.22"]
[SourceVersion "1"]
[SourceVersionDate "2012.11.22"]
[SourceQuality "1"]

1. d4 Nf6 2. c4 e6 3. Nf3 d5 4. e3 c5 5. Nc3 a6 6. a3 dxc4 7. Bxc4 b5 8. Ba2
Bb7 9. O-O Be7 10. dxc5 Qxd1 11. Rxd1 Bxc5 12. b4 Be7 13. Bb2 Nbd7 14. Ne2 O-O
15. Rac1 Rfc8 1/2-1/2

[Event "BRA-ch sf-A"]
[Site "Guarapari"]
[Date "2012.11.03"]
[Round "6"]
[White "Mekhitarian, Krikor Sevag"]
[Black "Di Berardino, Diego Rafael"]
[Result "1/2-1/2"]
[WhiteElo "2524"]
[BlackElo "2490"]
[PlyCount "25"]
[EventDate "2012.11.01"]
[EventType "swiss"]
[EventRounds "7"]
[EventCountry "BRA"]
[SourceTitle "EXT 2013"]
[Source "ChessBase"]
[SourceDate "2012.11.22"]
[SourceVersion "1"]
[SourceVersionDate "2012.11.22"]
[SourceQuality "1"]

1. e4 c5 2. Nf3 Nc6 3. d4 cxd4 4. Nxd4 e5 5. Nb5 d6 6. c4 Be7 7. N1c3 a6 8. Na3
Be6 9. Nc2 Nf6 10. Be2 O-O 11. O-O Rc8 12. b3 b5 13. cxb5 1/2-1/2

[Event "BRA-ch sf-A"]
[Site "Guarapari"]
[Date "2012.11.04"]
[Round "7"]
[White "Menna Barreto, Felipe Kubiaki"]
[Black "Mekhitarian, Krikor Sevag"]
[Result "0-1"]
[WhiteElo "2252"]
[BlackElo "2524"]
[PlyCount "142"]
[EventDate "2012.11.01"]
[EventType "swiss"]
[EventRounds "7"]
[EventCountry "BRA"]
[SourceTitle "EXT 2013"]
[Source "ChessBase"]
[SourceDate "2012.11.22"]
[SourceVersion "1"]
[SourceVersionDate "2012.11.22"]
[SourceQuality "1"]

1. d4 Nf6 2. Nf3 e6 3. Bg5 h6 4. Bh4 d6 5. Nc3 g5 6. Bg3 Nh5 7. Qd2 Bg7 8. e3
a6 9. a4 Nc6 10. Be2 Qe7 11. O-O-O Bd7 12. Rhe1 O-O 13. d5 Nb4 14. e4 exd5 15.
exd5 Nxg3 16. hxg3 Qf6 17. Qd4 Qxd4 18. Nxd4 Rfe8 19. Rf1 Re5 20. Bc4 Rae8 21.
Nf3 R5e7 22. a5 g4 23. Nd4 c5 24. Nde2 Bf5 25. Rd2 h5 26. Nf4 Bh6 27. Nd1 Re1
28. Rxe1 Rxe1 29. c3 h4 30. cxb4 h3 31. gxh3 gxh3 32. Nxh3 Bxh3 33. f4 Rg1 34.
Rd3 Bf1 35. Rc3 cxb4 36. Rc2 Bh3 37. Be2 Rxg3 38. Rc4 b3 39. Nc3 Bf5 40. Kd2
Bg7 41. Rb4 Rg2 42. Rxb3 Bg4 43. Ke3 Bxc3 44. Bxg4 Bxa5 45. Bf3 Bd2+ 46. Kd3
Rf2 47. Be2 Bxf4 48. Rxb7 Be5 49. Ke3 Rh2 50. b4 Rh3+ 51. Kf2 Ra3 52. Rb8+ Kg7
53. Ra8 Ra4 54. Rxa6 Rxb4 55. Ra2 Rb3 56. Bf3 f5 57. Kg2 Kf6 58. Rc2 Kg5 59.
Ra2 Rb4 60. Rc2 Kf4 61. Ra2 Bd4 62. Rc2 Rb3 63. Bh5 Rg3+ 64. Kf1 Ke4 65. Rg2
Ra3 66. Bg6 Ra1+ 67. Ke2 Ra2+ 68. Kf1 Ra1+ 69. Ke2 Ra5 70. Bf7 Ra7 71. Bg8 f4
0-1

[Event "Sao Jose dos Campos op"]
[Site "Sao Jose dos Campos"]
[Date "2012.11.30"]
[Round "3"]
[White "Mekhitarian, Krikor Sevag"]
[Black "Pinto, Rendrex Lopes"]
[Result "1-0"]
[WhiteElo "2524"]
[BlackElo "1911"]
[PlyCount "43"]
[EventDate "2012.11.29"]
[EventType "swiss"]
[EventRounds "7"]
[EventCountry "BRA"]
[SourceTitle "EXT 2014"]
[Source "ChessBase"]
[SourceDate "2013.11.20"]
[SourceVersion "1"]
[SourceVersionDate "2013.11.20"]
[SourceQuality "1"]

1. e4 e6 2. d4 d5 3. Nd2 Be7 4. Ngf3 Nc6 5. c3 dxe4 6. Nxe4 Nf6 7. Bd3 O-O 8.
h4 Nxe4 9. Bxe4 f5 10. Bc2 Bf6 11. Bf4 Ne7 12. Qe2 Ng6 13. Bg3 Re8 14. h5 Nf8
15. O-O-O c6 16. Kb1 Bd7 17. Bf4 b5 18. g4 fxg4 19. Ne5 Re7 20. Nxg4 Rf7 21.
Rdg1 Kh8 22. h6 1-0

[Event "Sao Jose dos Campos op"]
[Site "Sao Jose dos Campos"]
[Date "2012.12.01"]
[Round "4"]
[White "Hirota da Silva, Nilton Jose"]
[Black "Mekhitarian, Krikor Sevag"]
[Result "0-1"]
[WhiteElo "2056"]
[BlackElo "2524"]
[PlyCount "160"]
[EventDate "2012.11.29"]
[EventType "swiss"]
[EventRounds "7"]
[EventCountry "BRA"]
[SourceTitle "EXT 2014"]
[Source "ChessBase"]
[SourceDate "2013.11.20"]
[SourceVersion "1"]
[SourceVersionDate "2013.11.20"]
[SourceQuality "1"]

1. d4 Nf6 2. e3 d5 3. f4 Bf5 4. Nf3 e6 5. Bd3 Bxd3 6. Qxd3 c5 7. Qb5+ Qd7 8.
Qxd7+ Nbxd7 9. O-O Rc8 10. c3 Bd6 11. Ne5 h6 12. Nd2 g5 13. Nxd7 Nxd7 14. Nf3
Ke7 15. Bd2 Nf6 16. Ne5 Ne4 17. Be1 Rhg8 18. Bg3 f6 19. Nd3 c4 20. Nf2 Nxg3 21.
hxg3 gxf4 22. gxf4 Rg3 23. Nd1 Rcg8 24. Rf2 e5 25. fxe5 fxe5 26. b3 h5 27. bxc4
dxc4 28. Rb1 b6 29. Rbb2 h4 30. Kf1 R8g5 31. a4 Ke6 32. Rb5 h3 33. gxh3 Rxh3
34. Ke2 Rg1 35. Nb2 exd4 36. Nxc4 dxe3 37. Nxe3 Bc5 38. Rf3 Rxf3 39. Kxf3 Rc1
40. Rb3 Ra1 41. Nc4 Rxa4 42. Nd2 Kd5 43. Ke2 Rh4 44. Rb1 Rh3 45. Rb3 Kc6 46.
Nc4 Kd5 47. Nxb6+ Ke4 48. Na4 Rh2+ 49. Kd1 Be3 50. c4 Rh1+ 51. Ke2 Rh2+ 52. Kd1
Kd4 53. c5 Rd2+ 54. Ke1 Rc2 55. Kd1 Rd2+ 56. Ke1 Ra2 57. Nc3 Bd2+ 58. Kd1 Bxc3
59. c6 Ra4 60. Rb7 a5 61. Rd7+ Ke5 62. Kc2 Rc4 63. c7 Ke6 64. Rh7 Be5+ 65. Kb3
Rc3+ 66. Ka4 Bxc7 67. Rh6+ Kd7 68. Rh7+ Kc8 69. Rh8+ Kb7 70. Rh7 Rc4+ 71. Kb3
Rg4 72. Rf7 Kc6 73. Rf6+ Bd6 74. Rf5 Bc5 75. Rh5 Kb5 76. Rh2 Rg3+ 77. Ka2 a4
78. Re2 Bd4 79. Re1 Rg2+ 80. Kb1 a3 0-1

[Event "Sao Jose dos Campos op"]
[Site "Sao Jose dos Campos"]
[Date "2012.12.01"]
[Round "5"]
[White "Mekhitarian, Krikor Sevag"]
[Black "Abrantes, Tiago Garrido"]
[Result "1-0"]
[WhiteElo "2524"]
[BlackElo "2157"]
[PlyCount "51"]
[EventDate "2012.11.29"]
[EventType "swiss"]
[EventRounds "7"]
[EventCountry "BRA"]
[SourceTitle "EXT 2014"]
[Source "ChessBase"]
[SourceDate "2013.11.20"]
[SourceVersion "1"]
[SourceVersionDate "2013.11.20"]
[SourceQuality "1"]

1. e4 e5 2. Nf3 Nc6 3. Bb5 a6 4. Ba4 Nf6 5. O-O Be7 6. Re1 b5 7. Bb3 d6 8. c3
O-O 9. h3 Nd7 10. d4 Bf6 11. a4 Bb7 12. Na3 Re8 13. axb5 axb5 14. d5 Ne7 15.
Be3 Ra5 16. Bc2 Qa8 17. Nxb5 Rxa1 18. Qxa1 Qb8 19. Qa5 c6 20. Ba7 Qd8 21. Qxd8
Rxd8 22. Nxd6 Ba8 23. dxc6 Nxc6 24. Be3 g6 25. Ra1 Be7 26. Nc4 1-0

[Event "Sao Jose dos Campos op"]
[Site "Sao Jose dos Campos"]
[Date "2012.12.02"]
[Round "6"]
[White "Mekhitarian, Krikor Sevag"]
[Black "Tsuboi, Edson Kenji"]
[Result "1/2-1/2"]
[WhiteElo "2524"]
[BlackElo "2305"]
[PlyCount "117"]
[EventDate "2012.11.29"]
[EventType "swiss"]
[EventRounds "7"]
[EventCountry "BRA"]
[SourceTitle "EXT 2014"]
[Source "ChessBase"]
[SourceDate "2013.11.20"]
[SourceVersion "1"]
[SourceVersionDate "2013.11.20"]
[SourceQuality "1"]

1. e4 d5 2. exd5 Qxd5 3. Nc3 Qa5 4. d4 Nf6 5. Nf3 Bg4 6. h3 Bh5 7. g4 Bg6 8.
Ne5 e6 9. Nc4 Qa6 10. Ne5 Qa5 11. Bg2 c6 12. h4 Nbd7 13. Nxd7 Kxd7 14. Bd2 h6
15. g5 hxg5 16. hxg5 Rxh1+ 17. Bxh1 Ne8 18. d5 cxd5 19. Nxd5 Qa4 20. Nc3 Qxc2
21. Bf4+ Bd6 22. Qd4 Qd3 23. Qxd3 Bxd3 24. Bxd6 Nxd6 25. Rd1 Bc4 26. Bxb7 Rd8
27. b3 Kc7 28. Bg2 Ba6 29. Rd4 Nb7 30. Rf4 Rd7 31. b4 Nd6 32. Na4 Bb7 33. Bxb7
Nxb7 34. Rc4+ Kd8 35. Nc5 Nxc5 36. Rxc5 Rc7 37. Ra5 Kc8 38. Kd2 Kb7 39. a3 Kb6
40. Re5 Rc6 41. Kd3 f6 42. gxf6 gxf6 43. Ra5 Rc1 44. a4 Rd1+ 45. Ke3 Rc1 46.
Rb5+ Kc6 47. Ra5 Kb6 48. Rh5 Re1+ 49. Kd3 Rd1+ 50. Ke3 Re1+ 51. Kf4 Rb1 52.
Rb5+ Kc6 53. Rc5+ Kd6 54. Rc4 Kd5 55. Rc5+ Kd6 56. Rb5 Kc6 57. Rc5+ Kd6 58. Rb5
Kc6 59. Rc5+ 1/2-1/2

[Event "Sao Jose dos Campos op"]
[Site "Sao Jose dos Campos"]
[Date "2012.12.02"]
[Round "7"]
[White "Rodrigues, Edgar"]
[Black "Mekhitarian, Krikor Sevag"]
[Result "0-1"]
[WhiteElo "2200"]
[BlackElo "2524"]
[PlyCount "82"]
[EventDate "2012.11.29"]
[EventType "swiss"]
[EventRounds "7"]
[EventCountry "BRA"]
[SourceTitle "EXT 2014"]
[Source "ChessBase"]
[SourceDate "2013.11.20"]
[SourceVersion "1"]
[SourceVersionDate "2013.11.20"]
[SourceQuality "1"]

1. e4 c5 2. Nf3 e6 3. d4 cxd4 4. Nxd4 Nc6 5. Nc3 Qc7 6. Be3 a6 7. Bd3 Nf6 8.
O-O Ne5 9. h3 d6 10. f4 Ng6 11. Qe1 Be7 12. a4 O-O 13. a5 e5 14. Nde2 exf4 15.
Bb6 Qc6 16. Nxf4 Nxf4 17. Rxf4 Be6 18. Kh1 Rfe8 19. Qe2 Nd7 20. Bd4 Ne5 21. Qh5
g6 22. Qe2 Bf8 23. Rff1 Bg7 24. Qf2 Qc7 25. Ne2 Qe7 26. Qg3 Rac8 27. Bc3 Rc5
28. Rf2 Bf6 29. Rff1 Nd7 30. Bxf6 Nxf6 31. b4 Re5 32. Nc3 Rc8 33. Qf2 Nh5 34.
Na4 Rg5 35. Rfe1 Bxh3 36. gxh3 Qe5 37. Rg1 Ng3+ 38. Rxg3 Rxg3 39. Re1 Rxh3+ 40.
Kg1 Qh5 41. Qg2 Qh4 0-1

[Event "Paulista-ch"]
[Site "Americana"]
[Date "2012.12.07"]
[Round "1"]
[White "Aoyama, Edmundo"]
[Black "Mekhitarian, Krikor Sevag"]
[Result "0-1"]
[WhiteElo "1943"]
[BlackElo "2531"]
[PlyCount "46"]
[EventDate "2012.12.07"]
[EventType "swiss"]
[EventRounds "6"]
[EventCountry "BRA"]
[SourceTitle "CBM 152 Extra"]
[Source "ChessBase"]
[SourceDate "2013.02.25"]
[SourceVersion "1"]
[SourceVersionDate "2013.02.25"]
[SourceQuality "1"]

1. Nf3 d5 2. g3 Nf6 3. Bg2 c6 4. O-O Bf5 5. d3 h6 6. Nbd2 e6 7. c4 Be7 8. b3
O-O 9. Bb2 a5 10. Re1 Bh7 11. e4 dxe4 12. dxe4 Na6 13. e5 Nd7 14. Ne4 Ndc5 15.
Nd4 Qb6 16. Re3 Rad8 17. Qg4 Nxe4 18. Bxe4 Bxe4 19. Rxe4 Nc5 20. Re3 Na4 21.
Bc3 Nxc3 22. Nxe6 fxe6 23. Qxe6+ Rf7 0-1

[Event "Paulista-ch"]
[Site "Americana"]
[Date "2012.12.07"]
[Round "2"]
[White "Mekhitarian, Krikor Sevag"]
[Black "Carneiro, Vitor Roberto Castr"]
[Result "1-0"]
[WhiteElo "2531"]
[BlackElo "2084"]
[PlyCount "57"]
[EventDate "2012.12.07"]
[EventType "swiss"]
[EventRounds "6"]
[EventCountry "BRA"]
[SourceTitle "CBM 152 Extra"]
[Source "ChessBase"]
[SourceDate "2013.02.25"]
[SourceVersion "1"]
[SourceVersionDate "2013.02.25"]
[SourceQuality "1"]

1. e4 c6 2. d4 d5 3. Nc3 g6 4. Be2 dxe4 5. Nxe4 Bg7 6. Nf3 Nd7 7. O-O Ngf6 8.
Nxf6+ Nxf6 9. Re1 O-O 10. c3 Bg4 11. Ne5 Bxe2 12. Qxe2 Nd7 13. Nd3 Re8 14. Bf4
Qb6 15. Rad1 Rad8 16. h4 h5 17. Qf3 Qa5 18. a3 Qf5 19. Qe3 Bf6 20. g3 Nb6 21.
Qe2 Nd5 22. Bc1 Rd6 23. Nc5 b6 24. Ne4 Rd7 25. Rd3 Red8 26. Rf3 Qh3 27. c4 Bxd4
28. Ng5 Qg4 29. Nxf7 1-0

[Event "Paulista-ch"]
[Site "Americana"]
[Date "2012.12.08"]
[Round "3"]
[White "Sega, Carlos Alberto"]
[Black "Mekhitarian, Krikor Sevag"]
[Result "0-1"]
[WhiteElo "2252"]
[BlackElo "2531"]
[PlyCount "48"]
[EventDate "2012.12.07"]
[EventType "swiss"]
[EventRounds "6"]
[EventCountry "BRA"]
[SourceTitle "CBM 152 Extra"]
[Source "ChessBase"]
[SourceDate "2013.02.25"]
[SourceVersion "1"]
[SourceVersionDate "2013.02.25"]
[SourceQuality "1"]

1. c4 c6 2. g3 d5 3. Bg2 Nf6 4. Nf3 dxc4 5. O-O Nbd7 6. Qc2 Nb6 7. a4 a5 8. Na3
Qd5 9. Nh4 Qe6 10. e4 g6 11. f4 Bg7 12. Kh1 O-O 13. f5 Qd6 14. Nxc4 Nxc4 15.
Qxc4 Ng4 16. Qc2 b6 17. d4 Qxd4 18. h3 Ne5 19. Ra3 Ba6 20. Be3 Qb4 21. Rb3 Qxa4
22. Rc1 Bd3 23. Qd1 Bxe4 24. fxg6 hxg6 0-1

[Event "Paulista-ch"]
[Site "Americana"]
[Date "2012.12.09"]
[Round "5"]
[White "Sztokbant, Bernardo Vainzoff"]
[Black "Mekhitarian, Krikor Sevag"]
[Result "0-1"]
[WhiteElo "2070"]
[BlackElo "2531"]
[PlyCount "112"]
[EventDate "2012.12.07"]
[EventType "swiss"]
[EventRounds "6"]
[EventCountry "BRA"]
[SourceTitle "EXT 2014"]
[Source "ChessBase"]
[SourceDate "2013.11.20"]
[SourceVersion "1"]
[SourceVersionDate "2013.11.20"]
[SourceQuality "1"]

1. e4 c5 2. Nf3 d6 3. d4 cxd4 4. Nxd4 Nf6 5. Nc3 e6 6. Be2 Be7 7. O-O O-O 8.
Be3 Nc6 9. f4 Bd7 10. Qe1 Nxd4 11. Bxd4 Bc6 12. Qg3 g6 13. Bf3 b5 14. Rae1 b4
15. Nb1 Bb5 16. Rf2 d5 17. Rd2 Nxe4 18. Bxe4 Bh4 19. Qh3 Bxe1 20. Qh6 f6 21.
Bxg6 Qc7 22. Rd1 hxg6 23. Qxg6+ Qg7 24. Qxg7+ Kxg7 25. Rxe1 Rfe8 26. g4 Kf7 27.
c3 a5 28. Nd2 bxc3 29. Bxc3 a4 30. a3 Rh8 31. Kg2 Rh4 32. h3 Rah8 33. Re3 d4
34. Bxd4 Bc6+ 35. Kf2 Rxh3 36. Rxh3 Rxh3 37. g5 e5 38. fxe5 fxg5 39. Nf1 Ke6
40. Ng3 Rh4 41. Bc3 Rf4+ 42. Kg1 Rh4 43. Ne2 Kd5 44. Ng3 Bd7 45. Kf2 Bb5 46.
Ke3 Rh3 47. Kf2 Bd3 48. Kf3 Rh4 49. Ke3 Bg6 50. Kf2 Rf4+ 51. Kg1 Rf3 52. Ne2
Bd3 53. Nd4 Rf4 54. e6 Rxd4 55. Bxd4 Kxd4 56. e7 Bb5 0-1

[Event "Paulista-ch"]
[Site "Americana"]
[Date "2012.12.09"]
[Round "6"]
[White "Mekhitarian, Krikor Sevag"]
[Black "Rodrigues, Tiago Pereira"]
[Result "1-0"]
[WhiteElo "2531"]
[BlackElo "2149"]
[PlyCount "95"]
[EventDate "2012.12.07"]
[EventType "swiss"]
[EventRounds "6"]
[EventCountry "BRA"]
[SourceTitle "EXT 2014"]
[Source "ChessBase"]
[SourceDate "2013.11.20"]
[SourceVersion "1"]
[SourceVersionDate "2013.11.20"]
[SourceQuality "1"]

1. e4 c5 2. Nf3 d6 3. d4 cxd4 4. Nxd4 Nf6 5. Nc3 g6 6. Be3 a6 7. f3 e5 8. Nb3
h5 9. Qd2 Be6 10. Nd5 Nxd5 11. exd5 Bf5 12. Be2 Nd7 13. O-O h4 14. c4 b6 15. f4
a5 16. Rad1 Rc8 17. Nc1 Bg7 18. b3 Nc5 19. Bd3 Bxd3 20. Nxd3 exf4 21. Bxf4 Rh5
22. Rde1+ Kf8 23. Nf2 Qf6 24. Qe3 Rd8 25. Kh1 Kg8 26. Ng4 Qf5 27. h3 Qe4 28.
Qxe4 Nxe4 29. Rxe4 f5 30. Re6 fxg4 31. hxg4 Rh8 32. Bxd6 Rd7 33. Rxg6 Kh7 34.
Re6 Rhd8 35. Be7 Rc8 36. Rf5 a4 37. d6 axb3 38. axb3 Ra7 39. Bxh4 Ra1+ 40. Kh2
Rd1 41. Rd5 Rxd5 42. cxd5 Rc5 43. d7 Rxd5 44. d8=Q Rd4 45. Qe8 Rf4 46. Qg6+ Kg8
47. Re7 Rxg4 48. Re8# 1-0

[Event "Regina Helena Marques 9th"]
[Site "Santos"]
[Date "2012.12.10"]
[Round "1"]
[White "Mekhitarian, Krikor Sevag"]
[Black "Molina, Roberto Junio Brito"]
[Result "1/2-1/2"]
[WhiteElo "2531"]
[BlackElo "2418"]
[PlyCount "160"]
[EventDate "2012.12.10"]
[EventType "tourn"]
[EventRounds "9"]
[EventCountry "BRA"]
[EventCategory "7"]
[SourceTitle "CBM 152 Extra"]
[Source "ChessBase"]
[SourceDate "2013.02.25"]
[SourceVersion "1"]
[SourceVersionDate "2013.02.25"]
[SourceQuality "1"]

1. e4 c6 2. d4 d5 3. Nc3 dxe4 4. Nxe4 Nd7 5. Nf3 Ngf6 6. Ng3 e6 7. Bc4 Be7 8.
O-O O-O 9. Qe2 b6 10. Re1 Nd5 11. Bd3 Nb4 12. Be4 Nf6 13. c4 Nxe4 14. Qxe4 Bb7
15. a3 Na6 16. Bf4 Re8 17. Ne5 Bd6 18. Rad1 Rc8 19. Qf3 f6 20. c5 Bf8 21. Nc4
Qd5 22. Qc3 b5 23. Na5 Qd7 24. Ne4 Nc7 25. Qg3 Nd5 26. Bd6 Rcd8 27. Bxf8 Rxf8
28. Nd6 Bc8 29. Qg4 Nc7 30. Qe4 Nd5 31. Nxc8 Rxc8 32. Qxe6+ Qxe6 33. Rxe6 b4
34. Nxc6 bxa3 35. bxa3 Rc7 36. Nb4 Nf4 37. Re4 g5 38. g3 Ng6 39. Re6 Kg7 40. c6
Rd8 41. Na6 Rcc8 42. c7 Rd7 43. d5 Kf7 44. Rc6 Ne5 45. Rc3 Rd6 46. Rb1 Rxa6 47.
Rb8 Rxa3 48. Rxc8 Rxc3 49. Rh8 Ke7 50. c8=Q Rxc8 51. Rxc8 a5 52. Rc5 a4 53. Ra5
Kd6 54. Rxa4 Kxd5 55. Ra7 h5 56. Rh7 h4 57. Kg2 hxg3 58. Kxg3 Ke4 59. Ra7 Kf5
60. Ra5 Kg6 61. f3 Nc4 62. Rc5 Ne3 63. Kf2 Nf5 64. Ke2 Nh4 65. Ke3 Ng2+ 66. Ke4
Nh4 67. Ra5 Ng2 68. Ra8 Nf4 69. h4 f5+ 70. Ke5 Nd3+ 71. Kd4 Ne1 72. f4 gxf4 73.
Rg8+ Kf7 74. Rh8 Nf3+ 75. Kd3 Kg7 76. Rh5 Kg6 77. Rh8 Kg7 78. Ra8 Nxh4 79. Ra6
Ng6 80. Ke2 Kh6 1/2-1/2

[Event "Regina Helena Marques 9th"]
[Site "Santos"]
[Date "2012.12.11"]
[Round "2"]
[White "Gallo Ponce, Elbert"]
[Black "Mekhitarian, Krikor Sevag"]
[Result "0-1"]
[WhiteElo "2248"]
[BlackElo "2531"]
[PlyCount "64"]
[EventDate "2012.12.10"]
[EventType "tourn"]
[EventRounds "9"]
[EventCountry "BRA"]
[EventCategory "7"]
[SourceTitle "CBM 152 Extra"]
[Source "ChessBase"]
[SourceDate "2013.02.25"]
[SourceVersion "1"]
[SourceVersionDate "2013.02.25"]
[SourceQuality "1"]

1. Nf3 g6 2. g3 Bg7 3. Bg2 e5 4. O-O d5 5. c4 d4 6. d3 a5 7. e3 Ne7 8. exd4
exd4 9. Qa4+ c6 10. Qa3 O-O 11. b4 Ra6 12. b5 Ra8 13. Re1 Re8 14. Bb2 cxb5 15.
cxb5 Nf5 16. Nbd2 a4 17. Rxe8+ Qxe8 18. Qc5 Ra5 19. Re1 Be6 20. Nxd4 Nxd4 21.
Bxd4 Qxb5 22. Qd6 Nd7 23. Bxg7 Kxg7 24. Ne4 Qe5 25. Qb4 Ra7 26. Nd6 Qa5 27.
Qd4+ Kg8 28. Rc1 Ra8 29. Nxb7 Qd2 30. Ra1 Rc8 31. h3 a3 32. Nd6 Qb2 0-1

[Event "Regina Helena Marques 9th"]
[Site "Santos"]
[Date "2012.12.12"]
[Round "3"]
[White "Mekhitarian, Krikor Sevag"]
[Black "Campelo, Leandro Fabricio"]
[Result "1-0"]
[WhiteElo "2531"]
[BlackElo "2247"]
[PlyCount "83"]
[EventDate "2012.12.10"]
[EventType "tourn"]
[EventRounds "9"]
[EventCountry "BRA"]
[EventCategory "7"]
[SourceTitle "CBM 152 Extra"]
[Source "ChessBase"]
[SourceDate "2013.02.25"]
[SourceVersion "1"]
[SourceVersionDate "2013.02.25"]
[SourceQuality "1"]

1. e4 e6 2. d4 d5 3. Nd2 Nf6 4. e5 Nfd7 5. c3 c5 6. Bd3 Nc6 7. Ngf3 g6 8. h4 h6
9. Bc2 Bg7 10. Nb3 cxd4 11. cxd4 a5 12. Be3 a4 13. Nc1 a3 14. bxa3 Rxa3 15. O-O
Nb6 16. Nb3 Nc4 17. Bc1 Ra7 18. h5 g5 19. Nh2 Qb6 20. Ng4 Nb4 21. Bb1 Bd7 22.
Qf3 Qd8 23. Qg3 Na3 24. f4 gxf4 25. Bxf4 Bb5 26. Rf3 Nxb1 27. Rxb1 Be2 28. Rf2
Bxg4 29. Qxg4 Bf8 30. Nc5 b6 31. Nxe6 fxe6 32. Qxe6+ Qe7 33. Qg6+ Qf7 34. Qxb6
Rb7 35. Qa5 Qc7 36. Qa4+ Kd8 37. a3 Ra7 38. Qb3 Nc6 39. Qxd5+ Qd7 40. Qc4 Nxd4
41. Rb8+ Ke7 42. Bg5+ 1-0

[Event "Regina Helena Marques 9th"]
[Site "Santos"]
[Date "2012.12.12"]
[Round "4"]
[White "Fier, Alexandr"]
[Black "Mekhitarian, Krikor Sevag"]
[Result "1/2-1/2"]
[WhiteElo "2567"]
[BlackElo "2531"]
[PlyCount "103"]
[EventDate "2012.12.10"]
[EventType "tourn"]
[EventRounds "9"]
[EventCountry "BRA"]
[EventCategory "7"]
[SourceTitle "CBM 152 Extra"]
[Source "ChessBase"]
[SourceDate "2013.02.25"]
[SourceVersion "1"]
[SourceVersionDate "2013.02.25"]
[SourceQuality "1"]

1. e4 e5 2. Nf3 Nc6 3. Bb5 a6 4. Ba4 Nf6 5. O-O Be7 6. Re1 d6 7. Bxc6+ bxc6 8.
d4 exd4 9. Nxd4 Bd7 10. Qf3 O-O 11. Nc3 Re8 12. b3 d5 13. exd5 cxd5 14. Bd2 c6
15. Nf5 Bxf5 16. Qxf5 Qd7 17. Qd3 h6 18. h3 Qb7 19. Re2 Bf8 20. Rae1 Rxe2 21.
Rxe2 Re8 22. Rxe8 Nxe8 23. Be3 Nc7 24. Na4 Qb5 25. Qxb5 cxb5 26. Nb6 Bd6 27. g4
f6 28. f4 d4 29. Bxd4 Ne6 30. Be3 Nxf4 31. Bxf4 Bxf4 32. Kg2 Kf7 33. c4 Ke6 34.
cxb5 axb5 35. a4 Be3 36. Na8 bxa4 37. bxa4 Kd7 38. Kf3 Bg1 39. h4 Kc6 40. a5 g6
41. h5 gxh5 42. gxh5 Kb7 43. Nb6 Bxb6 44. axb6 Kxb6 45. Ke4 Kc6 46. Kf5 Kd7 47.
Kxf6 Ke8 48. Kg7 Ke7 49. Kxh6 Kf8 50. Kg6 Kg8 51. h6 Kh8 52. h7 1/2-1/2